000 00302nam a22001337a 4500
008 170830b xxu||||| |||| 00| 0 eng d
020 _a9780534633332
041 _aeng
080 _24 ED
_a070
100 _a40
101 _aMED
245 _aWRITING AND REPORTING NEWS
_cRICH.C
942 _2udc
_cBK
999 _c25671
_d25671